Villes américaines avec des noms espagnols - Statistiques

Statistiques générales
  • Ce quiz a été pris 115 fois
  • Le résultat moyen est 6 sur 14
Statistiques - réponses
Population État Indice Ville % Correct
3,990,456 CA La cité des Anges Los Angeles
97%
883,305 CA Alcatraz San Francisco
81%
644,644 NV La ville du pêché Las Vegas
79%
1,425,976 CA Non loin du Mexique San Diego
74%
1,532,233 TX La ville des Spurs San Antonio
65%
682,669 TX The pass El Paso
45%
508,529 CA Capitale Sacramento
42%
1,030,119 CA Non loin de de ⬇️ San Jose
39%
560,218 NM The Duke City Albuquerque
29%
332,725 CA Nommé d’après un président mexicain Santa Ana
12%
530,093 CA Activité agricole Fresno
8%
508,958 AZ Ancien nom des Badlands Mesa
6%
288,061 TX Siège social de Pizza Hut Plano
3%
274,975 OH Ville espagnole ? Toledo
3%
Aucun quiz correspondant
Distribution des résultats
% des personnes avec chaque résultat
Percentile par nombre de réponses
Votre historique - résultats
Vous n’avez pas pris ce quiz